000 00989nam0a2200313 4500
001 RU\NLR\BIBL_A\016299427
005 20250625032128.0
010 _916000
035 _a(NLR Aleph) 016299427
090 _a13314185
_c13314185
100 _a20230301d1960 |||y0rusy50 ca
101 0 _alav
102 _aLV
105 _ay z 000 y
181 0 _ai
_baxxe
182 0 _an
200 1 _aKrāces apiet nav laika
_edzejoļi, 1951-1959
_fOjārs Vācietis
203 _aТекст
_bвизуальный
_cнепосредственный
210 _aRīga
_cLatvijas Valsts izdevniecība
_d1960
215 _a172, [1] с.
_d13
541 1 _6z01790
_aПороги обходить некогда
_eстихи
_zrus
686 1 _aШ5(2=Лат)-335
700 1 _aVācietis
_bO.
_f1933-1983
_gOjārs
_4070
702 1 _aFridrihsons
_bK.
_4440
790 1 _6z01541
_aВациетис
_bО.
_gОярс
_4070
852 _aNLR
_bОНЛ
_jЛатыш./1-773
942 _cBOOK
980 _aNB